| 000 | 00998nam a22002537a 4500 | ||
|---|---|---|---|
| 008 | 160827s2016 ag||||| |||| 00| 0 spa d | ||
| 020 | _a9789875001800 | ||
| 082 | 0 | 4 |
_a720 _bN672d |
| 100 | 1 |
_aNiemeyer, Oscar. _95484 |
|
| 245 | 1 | 0 |
_aDiario-boceto / _cOscar Niemeyer ; compilado y traducido por Teresa Arijón y Bárbara Belloc. |
| 250 | _a1a ed. | ||
| 260 |
_aBuenos Aires, Argentina : _bManantial, _c2016. |
||
| 300 | _a230 p. | ||
| 440 | 0 |
_aNomadismos. _95481 |
|
| 505 | 0 |
_tOscar Niemeyer: un hombre, un siglo _rTeresa Arijón. _tLa forma en la arquitectura. _tMi arquitectura. _tMi experiencia. _tMi experiencia en Brasilia. _tCrónicas. _tLas curvas del tiempo, memorias. |
|
| 653 | 1 | 0 | _aArquitectura - Siglo XX |
| 653 | 1 | 0 | _aDiseño arquitectónico |
| 653 | 1 | 0 | _aArquitectura - Brasil |
| 653 | 1 | 0 | _aArtistas brasileños |
| 653 | 1 | 0 | _aFilosofía de la arquitectura |
| 653 | 1 | 0 | _aEnsayos |
| 700 | 1 |
_aArijón, Teresa. _etraductora. _95485 |
|
| 700 | 1 |
_aBelloc, Bárbara. _etraductora. _95486 |
|
| 999 |
_c1037 _d1037 |
||